000 00622nab#a2200217#c#4500
999 _c53185
_d53185
003 IEF
005 20191205105607.0
008 950704s1976 uuu|| #####0 b| |u
040 _aIEF
_cES-MaIEF
100 1 _aZancada Peinado, Fermín
_947147
245 _aUn proyecto discutido
_bla imposición general sobre las plusvalías en Francia
_c Fermín Zancada Peinado
260 _c1976
500 _aApéndice
650 4 _aPLUSVALIAS
_943197
650 4 _aIMPUESTOS
_947460
650 4 _aFRANCIA
_944475
773 0 _tHacienda pública española
_w34570
_g40, p. 81-107
942 _2udc
942 _2udc